Manual de estilos de decoración / (Registro nro. 11360)

Detalles MARC
000 -LIDER
fixed length control field 01045cam a22003133a 4500
001 - NÚMERO DE CONTROL
Identificador de número de control 0000669
003 - IDENTIFICACDOR DE NÚMERO DE CONTROL
control field DO-SdBNP
005 - DATE AND TIME OF LATEST TRANSACTION
control field 20231201121448.0
007 - CAMPOS FIJOS DE DESCRIPCIÓN FÍSICA
fixed length control field 0000669
008 - ELEMENTOS DE LONGITUD FIJA
fixed length control field 861112 2011 sp c 000 0 spa d
010 ## - NUMERO DE CONTROL DE BIBLIOTECA DEL CONGRESO
LC control number
020 ## - ISBN
International Standard Book Number 9789962040200
040 ## - FUENTE DE CATALOGACIÓN
Agencia que crea de manera original el registro BPMSU
Agencia que realiza la transcripción spa
Agencia que realiza la modificación BPMSU
--
082 #4 - NÚMERO DE CLASIFICACIÓN DECIMAL DE DEWEY
Classification number 747
Item number S237m 2011
Edition number 22
100 1# - ASIENTO PRINCIPAL -- NOMBRE PERSONAL
Nombre personal Santos Quartino, Daniela
245 10 - MENCIÓN DE TITULO
Título Manual de estilos de decoración /
Mención de responsabilidad Daniela Santos Quartino, Francesca Comotti, Cristina Ros ; coordinación editorial Simone K. Schleifer
260 ## - PUBLICACIÓN, DISTRIBUCIÓN, ETC. (PIE DE IMPRENTA)
Lugar de publicación, distribución, etc Barcelona :
Nombre del editor, distribuidor, etc. Lexus,
Fecha de publicación, distribución, etc 2011.
300 ## - DESCRIPCIÓN FÍSICA
Extensión 199 p. :
Otros detalles físicos retratos :
Dimensiones 34 cm.
505 2# - NOTA DE CONTENIDO
Título Introducción --
-- Ecléctico --
-- Industrial --
-- Minimalismo --
-- Vintage --
-- Neomoderno --
590 ## - NOTA LOCAL
Enlace Inventariado, 2022/VM
600 00 - ENCABEZAMIENTO DE MATERIA--NOMBRE PERSONAL
Nombre personal
Subdivisión temática general
650 #4 - ENCABEZAMIENTO DE MATERIA--TEMÁTICO
Término temático o nombre geográfico como elemento de entrada Decoración de interiores
650 #4 - ENCABEZAMIENTO DE MATERIA--TEMÁTICO
Término temático o nombre geográfico como elemento de entrada Diseño arquitectónico
700 1# - ASIENTO SECUNDARIO -- NOMBRE PERSONAL
Nombre personal Comotti, Francesca
700 1# - ASIENTO SECUNDARIO -- NOMBRE PERSONAL
Nombre personal Ros, Cristina
700 1# - ASIENTO SECUNDARIO -- NOMBRE PERSONAL
Nombre personal Schleifer, Simone K.
Mención de responsabilidad coordinador
910 ## - VALIDACIÓN
Validación VMateo V./ Validado. Control de calidad MFF
942 ## - ADDED ENTRY ELEMENTS (KOHA)
Source of classification or shelving scheme Dewey Decimal Classification
Koha item type Libros
Existencias
Withdrawn status Lost status Source of classification or shelving scheme Damaged status Not for loan Collection code Home library Current library Date acquired Source of acquisition Coded location qualifier Full call number Barcode Date last seen Price effective from Koha item type Copy number
    Dewey Decimal Classification     Colección General Biblioteca Pública Metropolitana Salomé Ureña Biblioteca Pública Metropolitana Salomé Ureña 09/14/2016 Compra BPMSU CG 747 S237m 2011 BPMSU16090244 09/14/2016 09/14/2016 Libros  
    Dewey Decimal Classification     Colección General Biblioteca Pública Metropolitana Salomé Ureña Biblioteca Pública Metropolitana Salomé Ureña 09/14/2016 Compra   BPMSU CG 747 S237m 2011 BPMSU16090245 09/14/2016 09/14/2016 Libros e. 2
    Dewey Decimal Classification     Colección General Biblioteca Pública Metropolitana Salomé Ureña Biblioteca Pública Metropolitana Salomé Ureña 04/02/2018 Compra   BPMSU CG 747 S237m 2011 BPMSU18040008 04/02/2018 04/02/2018 Libros e.3